000 01033 a2200337 4500
999 _c200001225
_d34962
001 200001225
003 TR-AnTOB
005 20230720114830.0
008 111030e2010 tu 000 0
020 _a9789944606219
020 _a9789944606202
040 _aTR-AnTOB
_cTR-AnTOB
041 _atur
050 _aHD7096.T9
_bB55 2010
090 _aHD 7096.T9 B55 2010
100 1 _aBilgin, Mehmet Hüseyin
_940487
245 1 0 _aABD deneyimi ışığında emek piyasası reformu ve işsizliği azaltıcı politikalar /
_cMehmet Hüseyin Bilgin.
264 1 _aİstanbul :
_bİstanbul Ticaret Odas,
_c2010
300 _a141 p. ;
_b20 cm.
490 0 _aITO Yay., no ;
_v2010-25
504 _aKaynakça var.
650 0 _aUnemployment insurance
_zTurkey
_969481
650 _aİdari komisyonlar
_zTürkiye
_969484
650 _aİş piyasası
_zTürkiye
_918442
651 0 _aTürkiye
_xEkonomik durum
_980633
700 _aArı, Selçuk
_926459
902 _a0034278
903 _aMerkez Kütüphane
942 _cBK
_2lcc